[Event "RUS-chT2 17th"]
[Site "Dagomys"]
[Date "2010.04.04"]
[Round "3"]
[White "Sakharov, Lev"]
[Black "Pogosian, Georgy"]
[Result "1/2-1/2"]
[WhiteElo "2193"]
[BlackElo "2181"]
[PlyCount "111"]
[EventDate "2010.04.01"]
[EventType "team-tourn"]
[EventRounds "7"]
[EventCountry "RUS"]
[SourceTitle "CBM 135 Extra"]
[Source "ChessBase"]
[SourceDate "2010.05.04"]
[SourceVersion "1"]
[SourceVersionDate "2010.05.04"]
[SourceQuality "1"]

1. d4 d5 2. c4 e6 3. Nc3 Nf6 4. Bg5 Be7 5. e3 0-0 6. Qc2 b6 7. cxd5 exd5 8. Bd3 h6 9. Bf4 c5 10. Nge2 Nc6 11. a3 Be6 12. Rd1 cxd4 13. exd4 Na5 14. b4 Nb7 15. 0-0 Nd6 16. Be5 Qc8 17. Bxd6 Bxd6 18. Rc1 a6 19. Na4 Qb8 20. g3 Bd7 21. Nec3 Qb7 22. Qb3 Rac8 23. Rfe1 Bh3 24. f3 Bd7 25. Bf1 Rfe8 26. Rxe8+ Rxe8 27. Kf2 h5 28. h4 Qb8 29. Ne2 Bb5 30. Nac3 Bc4 31. Qc2 g6 32. Bh3 b5 33. Qd2 Kg7 34. Rg1 a5 35. Qb2 axb4 36. axb4 Qa7 37. g4 hxg4 38. Bxg4 Qe7 39. Qd2 Bxb4 40. Ng3 Nxg4+ 41. fxg4 Bxc3 42. Qxc3 Qxh4 43. Kf3 Qf6+ 44. Kg2 Qf4 45. Qf3 Qxf3+ 46. Kxf3 b4 47. g5 b3 48. Rb1 Rb8 49. Rb2 Ra8 50. Rb1 Ra2 51. Nf1 b2 52. Ke3 Bxf1 53. Kd2 Bg2 54. Kc3 Be4 55. Rf1 b1Q 56. Rxf7+ 1/2-1/2

[Event "Moscow op-B"]
[Site "Moscow"]
[Date "2010.02.07"]
[Round "9.10"]
[White "Sakharov, Lev"]
[Black "Seliverstov, Vladimir"]
[Result "0-1"]
[WhiteElo "2178"]
[BlackElo "2272"]
[PlyCount "70"]
[EventDate "2010.01.30"]
[EventType "swiss"]
[EventRounds "9"]
[EventCountry "RUS"]
[SourceTitle "EXT 2023"]
[Source "ChessBase"]
[SourceDate "2022.10.05"]
[SourceVersion "1"]
[SourceVersionDate "2022.10.05"]
[SourceQuality "1"]

1. d4 Nf6 2. c4 c6 3. Nc3 d5 4. Nf3 dxc4 5. a4 Bg4 6. Ne5 Bh5 7. g3 e6 8. Bg2 Bb4 9. 0-0 a5 10. Nxc4 Nd5 11. Qd3 Be7 12. e4 Nb4 13. Qd2 0-0 14. b3 Nd7 15. Bb2 e5 16. Ne2 Nc5 17. Nc1 exd4 18. Bxd4 Nc2 19. Qxc2 Qxd4 20. Rb1 Rfd8 21. Ne3 Qd2 22. Rb2 Qxc2 23. Rxc2 f6 24. f4 Bf7 25. Rc3 Bf8 26. Rf2 Re8 27. e5 fxe5 28. f5 e4 29. Rfc2 Na6 30. Re2 Bb4 31. Rcc2 Rad8 32. Nf1 Nc5 33. Re3 Nd3 34. Kh1 Bc5 35. Ree2 Bh5 0-1

[Event "Udmurtia-ch"]
[Site "Izhevsk"]
[Date "2009.12.20"]
[Round "11"]
[White "Dogodkina, Julia"]
[Black "Sakharov, Lev"]
[Result "0-1"]
[WhiteElo "2038"]
[BlackElo "2146"]
[PlyCount "102"]
[EventDate "2009.11.12"]
[EventType "tourn"]
[EventRounds "11"]
[EventCountry "RUS"]
[SourceTitle "EXT 2011"]
[Source "ChessBase"]
[SourceDate "2010.11.26"]
[SourceVersion "1"]
[SourceVersionDate "2010.11.26"]
[SourceQuality "1"]

1. e4 e5 2. Nf3 Nc6 3. Bb5 a6 4. Ba4 b5 5. Bb3 Na5 6. Nxe5 Nxb3 7. axb3 Qe7 8. d4 d6 9. Nd3 Qxe4+ 10. Qe2 Qxe2+ 11. Kxe2 Bb7 12. f3 g6 13. Be3 Bg7 14. c4 Kd7 15. Nc3 Ne7 16. Ne1 d5 17. cxb5 Nf5 18. Nc2 Rhe8 19. Kd3 Nxe3 20. Nxe3 axb5 21. Rxa8 Bxa8 22. Nexd5 Bxd5 23. Nxd5 Kd6 24. Ne3 c5 25. Nc2 cxd4 26. Nxd4 Bxd4 27. Kxd4 Re2 28. g3 Rxb2 29. Kc3 Rf2 30. f4 Kc5 31. b4+ Kc6 32. Kd3 Kd5 33. Rc1 Rxh2 34. Rc5+ Ke6 35. Rxb5 Rh3 36. Ke4 Rxg3 37. Rb6+ Ke7 38. Rb7+ Kf6 39. Rb6+ Kg7 40. Rd6 Rb3 41. Rd4 h5 42. Kd5 h4 43. Kc5 h3 44. Rd2 Kf6 45. Kc4 Re3 46. b5 Re8 47. Rh2 Rh8 48. b6 Kf5 49. b7 Rb8 50. Rxh3 Rxb7 51. Rf3 Re7 0-1

[Event "Udmurtia-ch"]
[Site "Izhevsk"]
[Date "2009.12.18"]
[Round "9"]
[White "Lykov, Sergey"]
[Black "Sakharov, Lev"]
[Result "1-0"]
[WhiteElo "2206"]
[BlackElo "2146"]
[PlyCount "99"]
[EventDate "2009.11.12"]
[EventType "tourn"]
[EventRounds "11"]
[EventCountry "RUS"]
[SourceTitle "EXT 2011"]
[Source "ChessBase"]
[SourceDate "2010.11.26"]
[SourceVersion "1"]
[SourceVersionDate "2010.11.26"]
[SourceQuality "1"]

1. d4 Nf6 2. c4 e6 3. Nc3 Bb4 4. e3 c5 5. a3 Bxc3+ 6. bxc3 0-0 7. Bd3 Nc6 8. Ne2 d6 9. e4 e5 10. 0-0 Bg4 11. f3 Bh5 12. g4 Bg6 13. Rb1 b6 14. Bg5 h6 15. Bh4 Bh7 16. Qe1 g5 17. Bf2 Ne7 18. h4 Ng6 19. hxg5 hxg5 20. Qd2 Nf4 21. Nxf4 exf4 22. Rfe1 Re8 23. Rbd1 Qc7 24. Qc2 Rad8 25. a4 a5 26. Rb1 Rb8 27. Rb2 Nd7 28. Kg2 Kg7 29. Rbb1 Bg6 30. Rh1 Nf6 31. Rhe1 Qd7 32. e5 Nxg4 33. Bxg6 fxg6 34. fxg4 Qxg4+ 35. Kf1 dxe5 36. Rxe5 Rxe5 37. dxe5 Rd8 38. Qe4 Qh3+ 39. Ke2 g4 40. Rg1 Qxc3 41. Rxg4 Qd2+ 42. Kf3 Qd3+ 43. Qxd3 Rxd3+ 44. Ke4 Rc3 45. Kd5 Ra3 46. Bh4 Rd3+ 47. Ke6 Kh6 48. Bf6 g5 49. Bxg5+ Kh5 50. Kf5 1-0

[Event "Udmurtia-ch"]
[Site "Izhevsk"]
[Date "2009.12.12"]
[Round "2"]
[White "Poniaev, Ruslan"]
[Black "Sakharov, Lev"]
[Result "1-0"]
[WhiteElo "2245"]
[BlackElo "2146"]
[PlyCount "67"]
[EventDate "2009.11.12"]
[EventType "tourn"]
[EventRounds "11"]
[EventCountry "RUS"]
[SourceTitle "EXT 2011"]
[Source "ChessBase"]
[SourceDate "2010.11.26"]
[SourceVersion "1"]
[SourceVersionDate "2010.11.26"]
[SourceQuality "1"]

1. Nf3 c5 2. e4 e6 3. c4 a6 4. Nc3 d6 5. d4 cxd4 6. Nxd4 b6 7. Be2 Bb7 8. 0-0 Nf6 9. f3 Be7 10. Be3 0-0 11. Qd2 Qc7 12. a4 Nc6 13. Rfc1 Rac8 14. Bf1 Qb8 15. Nxc6 Rxc6 16. Qf2 Bd8 17. b4 Nd7 18. f4 Nf6 19. h3 Ba8 20. Bd3 Rc8 21. Rab1 Nd7 22. c5 Bf6 23. Bxa6 Bb7 24. Bxb7 Qxb7 25. Nb5 Be7 26. cxd6 Rxc1+ 27. Rxc1 Bd8 28. Qc2 Nf6 29. Qc6 Qa6 30. a5 Nxe4 31. Bxb6 Bxb6+ 32. Qxb6 Qxb6+ 33. axb6 Rd8 34. b7 1-0

[Event "Moscow op-B"]
[Site "Moscow"]
[Date "2009.11.20"]
[Round "1"]
[White "Shishkov, Konstantin"]
[Black "Sakharov, Lev"]
[Result "0-1"]
[WhiteElo "1400"]
[BlackElo "2057"]
[PlyCount "54"]
[EventDate "2009.01.31"]
[EventType "swiss"]
[EventRounds "9"]
[EventCountry "RUS"]
[SourceTitle "EXT 2012"]
[Source "ChessBase"]
[SourceDate "2011.11.24"]
[SourceVersion "1"]
[SourceVersionDate "2011.11.24"]
[SourceQuality "1"]

1. e4 c6 2. Bc4 d5 3. exd5 cxd5 4. Bb3 Nc6 5. d3 Nf6 6. a3 g6 7. Nc3 Bg7 8. Qf3 Bg4 9. Qe3 d4 10. Qg3 dxc3 11. bxc3 Nh5 12. Qxg4 Bxc3+ 13. Bd2 Bxa1 14. Nf3 Bg7 15. 0-0 Nf6 16. Qa4 0-0 17. Ng5 Qd4 18. Bb4 Nxb4 19. axb4 h6 20. Nf3 Qd7 21. b5 a6 22. Bc4 axb5 23. Qxb5 Qxb5 24. Bxb5 Nd5 25. c4 Nc3 26. Bd7 Rfd8 27. Bh3 Rxd3 0-1

[Event "RUS-chT Clubs U18"]
[Site "Rybinsk"]
[Date "2009.08.05"]
[Round "4"]
[White "Minko, Vladimir"]
[Black "Sakharov, Lev"]
[Result "1-0"]
[WhiteElo "2097"]
[BlackElo "2146"]
[PlyCount "111"]
[EventDate "2009.08.02"]
[EventType "team-swiss"]
[EventRounds "9"]
[EventCountry "RUS"]
[SourceTitle "CBM 131 Extra"]
[Source "ChessBase"]
[SourceDate "2009.09.03"]
[SourceVersion "2"]
[SourceVersionDate "2009.09.16"]
[SourceQuality "1"]

1. d4 Nf6 2. c4 c5 3. d5 b5 4. cxb5 a6 5. b6 d6 6. Nc3 Nbd7 7. e4 g6 8. a4 a5 9. Qc2 Bg7 10. Nf3 0-0 11. Be2 Nxb6 12. 0-0 Ne8 13. Nb5 f5 14. e5 Bb7 15. Ng5 Bxd5 16. exd6 exd6 17. Rd1 h6 18. Rxd5 hxg5 19. Bc4 Kh8 20. Ra3 Bf6 21. Rd1 d5 22. Bxd5 Nxd5 23. Rad3 Bd4 24. Nxd4 cxd4 25. Rxd4 Nec7 26. b4 axb4 27. Bb2 Kg8 28. Rc4 Re8 29. Rc6 Re6 30. Rxe6 Nxe6 31. Qc6 Nef4 32. Qb7 Qf8 33. g3 Rb8 34. Qc6 Rc8 35. Qa6 Ra8 36. Qc6 Rc8 37. Qa6 Qc5 38. gxf4 Nxf4 39. Qb7 Nh3+ 40. Kg2 Nf4+ 41. Kg1 Nh3+ 42. Kg2 Nf4+ 43. Kg1 Qc7 44. Qxb4 Qc6 45. Qb3+ Kh7 46. f3 Qc5+ 47. Kh1 Kh6 48. Qf7 Qc7 49. Qf6 Qb7 50. Rf1 Kh5 51. a5 Re8 52. Bc3 Qb5 53. Rg1 g4 54. Qf7 Qc6 55. Qh7+ Kg5 56. h4# 1-0

[Event "Voronezh op-B 13th"]
[Site "Voronezh"]
[Date "2009.06.20"]
[Round "9"]
[White "Peschansky, Mikhail"]
[Black "Sakharov, Lev"]
[Result "1-0"]
[WhiteElo "2269"]
[BlackElo "2148"]
[PlyCount "121"]
[EventDate "2009.06.12"]
[EventType "swiss"]
[EventRounds "9"]
[EventCountry "RUS"]
[SourceTitle "CBM 130 Extra"]
[Source "ChessBase"]
[SourceDate "2009.07.02"]
[SourceVersion "2"]
[SourceVersionDate "2009.07.15"]
[SourceQuality "1"]

1. c4 c5 2. Nc3 b6 3. Nf3 Bb7 4. e4 d6 5. d4 cxd4 6. Nxd4 Nf6 7. f3 e6 8. Be3 Be7 9. Be2 0-0 10. 0-0 a6 11. Qd2 Nbd7 12. Rfd1 Rc8 13. Rac1 Qc7 14. Bf1 Qb8 15. Qf2 Bd8 16. b3 Bc7 17. g3 Rfe8 18. Bg2 Ne5 19. h3 Ng6 20. Nde2 Bc6 21. a4 Nd7 22. Nd4 Bb7 23. Nde2 Bc6 24. Ra1 Nge5 25. f4 Ng6 26. Bf3 Qa8 27. Qg2 Bb7 28. h4 Ne7 29. Kf2 Nf6 30. g4 d5 31. cxd5 exd5 32. Nxd5 Nexd5 33. exd5 Red8 34. d6 Ne4+ 35. Kg1 Nxd6 36. Bxb7 Qxb7 37. Qxb7 Nxb7 38. Rac1 Rxd1+ 39. Rxd1 Kf8 40. Rc1 Ke7 41. Nc3 Rd8 42. Nd5+ Rxd5 43. Rxc7+ Rd7 44. Rxd7+ Kxd7 45. Bxb6 Kc6 46. Bd4 g6 47. Kf2 Nc5 48. Bxc5 Kxc5 49. Ke3 Kb4 50. Kd4 Kxb3 51. Ke5 Kxa4 52. Kf6 Kb5 53. Kxf7 a5 54. f5 gxf5 55. gxf5 a4 56. Kg8 a3 57. f6 a2 58. f7 a1Q 59. f8Q Qd4 60. Qe8+ Kc4 61. Qa4+ 1-0

[Event "Voronezh op-B 13th"]
[Site "Voronezh"]
[Date "2009.06.17"]
[Round "6"]
[White "Sakharov, Lev"]
[Black "Borisovsky, Viktor"]
[Result "1-0"]
[WhiteElo "2148"]
[BlackElo "2064"]
[PlyCount "77"]
[EventDate "2009.06.12"]
[EventType "swiss"]
[EventRounds "9"]
[EventCountry "RUS"]
[SourceTitle "CBM 130 Extra"]
[Source "ChessBase"]
[SourceDate "2009.07.02"]
[SourceVersion "2"]
[SourceVersionDate "2009.07.15"]
[SourceQuality "1"]

1. d4 e6 2. c4 f5 3. g3 Nf6 4. Bg2 d5 5. Nc3 c6 6. Nh3 Be7 7. 0-0 0-0 8. Bf4 b6 9. Rc1 h6 10. Qa4 Bb7 11. Be5 g5 12. Bxf6 Bxf6 13. e3 Qe7 14. f4 g4 15. Nf2 Rc8 16. cxd5 exd5 17. Nxd5 Qe6 18. Nxf6+ Qxf6 19. Nd3 Nd7 20. d5 b5 21. Qb3 c5 22. Qxb5 Ba6 23. Qxd7 Bxd3 24. Qe6+ Qxe6 25. dxe6 Rab8 26. Rfd1 c4 27. b3 cxb3 28. Rxc8+ Rxc8 29. axb3 Bb5 30. e4 fxe4 31. Bxe4 Kf8 32. Bd3 Bc6 33. Bc4 a5 34. Ra1 a4 35. bxa4 Bf3 36. Bf1 Ke7 37. a5 Kxe6 38. a6 Rc2 39. a7 1-0

[Event "Voronezh op-B 13th"]
[Site "Voronezh"]
[Date "2009.06.14"]
[Round "3"]
[White "Deriabina, Svetlana"]
[Black "Sakharov, Lev"]
[Result "0-1"]
[WhiteElo "2071"]
[BlackElo "2148"]
[PlyCount "79"]
[EventDate "2009.06.12"]
[EventType "swiss"]
[EventRounds "9"]
[EventCountry "RUS"]
[SourceTitle "CBM 130 Extra"]
[Source "ChessBase"]
[SourceDate "2009.07.02"]
[SourceVersion "2"]
[SourceVersionDate "2009.07.15"]
[SourceQuality "1"]

1. d4 Nf6 2. c4 e6 3. Nc3 Bb4 4. Qc2 c5 5. e3 0-0 6. Bd3 b6 7. a3 Bxc3+ 8. Qxc3 Bb7 9. f3 cxd4 10. exd4 d5 11. b3 Nc6 12. Ne2 Rc8 13. c5 bxc5 14. dxc5 d4 15. Qc2 Ne5 16. b4 Nxd3+ 17. Qxd3 e5 18. Bg5 Re8 19. 0-0 h6 20. Bh4 g5 21. Bf2 e4 22. fxe4 Rxe4 23. Ng3 Rf4 24. Ne2 Rg4 25. Bg3 Qd5 26. Qf3 d3 27. Nc3 Qd4+ 28. Qf2 Qxc3 29. Qxf6 Qxf6 30. Rxf6 h5 31. Rf2 h4 32. Bd6 Re8 33. b5 Bd5 34. Rd1 Re2 35. g3 Rge4 36. Rxd3 Re1+ 37. Rf1 Rxf1+ 38. Kxf1 Bc4 39. c6 Bxd3+ 40. Kf2 0-1

[Event "Voronezh op-B 13th"]
[Site "Voronezh"]
[Date "2009.06.13"]
[Round "2"]
[White "Sakharov, Lev"]
[Black "Cherednichenko, Viktor"]
[Result "1-0"]
[WhiteElo "2148"]
[BlackElo "1964"]
[PlyCount "72"]
[EventDate "2009.06.12"]
[EventType "swiss"]
[EventRounds "9"]
[EventCountry "RUS"]
[SourceTitle "CBM 130 Extra"]
[Source "ChessBase"]
[SourceDate "2009.07.02"]
[SourceVersion "2"]
[SourceVersionDate "2009.07.15"]
[SourceQuality "1"]

1. d4 e6 2. c4 b6 3. Nc3 Bb4 4. e4 Bb7 5. f3 Nh6 6. Nh3 f5 7. Bg5 Be7 8. Bxh6 gxh6 9. exf5 0-0 10. Bd3 Nc6 11. fxe6 dxe6 12. Be4 Bf6 13. Ne2 Rb8 14. d5 Ne5 15. Qc2 Bh4+ 16. Ng3 Nxc4 17. Bxh7+ Kh8 18. Qxc4 exd5 19. Qc2 Qe7+ 20. Kf2 Qxh7 21. Qxh7+ Kxh7 22. Rac1 c5 23. Rhe1 Rbe8 24. Ng1 Bf6 25. Rxe8 Rxe8 26. Rc2 Bd4+ 27. Kf1 Ba6+ 28. N1e2 Kg6 29. h4 Be3 30. Rc3 Re7 31. Ke1 b5 32. h5+ Kf6 33. Ne4+ dxe4 34. Rxe3 exf3 35. Rxf3+ Kg5 36. Rg3+ Kxh5 1-0

[Event "RUS-chB U16"]
[Site "Dagomys"]
[Date "2009.04.23"]
[Round "9"]
[White "Kovalchuk, Alexey"]
[Black "Sakharov, Lev"]
[Result "1/2-1/2"]
[WhiteElo "2068"]
[BlackElo "2148"]
[PlyCount "142"]
[EventDate "2009.04.15"]
[EventType "swiss"]
[EventRounds "9"]
[EventCountry "RUS"]
[SourceTitle "EXT 2010"]
[Source "ChessBase"]
[SourceDate "2010.11.25"]
[SourceVersion "1"]
[SourceVersionDate "2010.11.25"]
[SourceQuality "1"]

1. Nf3 Nf6 2. c4 e6 3. Nc3 c5 4. g3 b6 5. Bg2 Bb7 6. 0-0 Qc7 7. Re1 a6 8. e4 d6 9. b3 Be7 10. d4 cxd4 11. Nxd4 b5 12. Ndxb5 axb5 13. Nxb5 Qc6 14. f4 0-0 15. h3 Nfd7 16. Re2 Nb6 17. a4 Na6 18. e5 d5 19. Bb2 Nb4 20. Rc1 Rfc8 21. cxd5 Bc5+ 22. Kh2 N6xd5 23. Nd6 Ba6 24. Rd2 Rc7 25. Ne4 Qb6 26. Rxc5 Rxc5 27. Bd4 Rac8 28. Qg1 Nd3 29. Nxc5 Nxc5 30. Rc2 Qxb3 31. Rxc5 Rxc5 32. Bxc5 Qxa4 33. Qb1 h6 34. Be4 Bb5 35. Qc2 Qa6 36. Bd4 Bc4 37. Qb2 g6 38. Qa1 Qb7 39. Qb2 Qa8 40. Qc2 Qa2 41. Qxa2 Bxa2 42. Kg2 Ne7 43. Kf2 Bd5 44. Bc2 Kg7 45. Bc5 Nc6 46. Bd3 f6 47. exf6+ Kxf6 48. Ba3 e5 49. Bb2 Be6 50. Be4 Bd7 51. Ke3 Kf7 52. Bd5+ Kf6 53. Be4 g5 54. h4 gxf4+ 55. gxf4 Ke6 56. fxe5 Nxe5 57. Kf4 Nf7 58. Bg6 Nd6 59. Bg7 Be8 60. Bc2 Nf7 61. Bb3+ Ke7 62. Kg4 Bd7+ 63. Kh5 Nd6 64. Bxh6 Nf5 65. Bg5+ Kd6 66. Kg6 Nxh4+ 67. Bxh4 Kc7 68. Kf6 Kb7 69. Ke7 Bc6 70. Bf6 Ka8 71. Kd6 Bh1 1/2-1/2

[Event "RUS-chB U16"]
[Site "Dagomys"]
[Date "2009.04.22"]
[Round "8"]
[White "Sakharov, Lev"]
[Black "Dubov, Alexandr"]
[Result "1-0"]
[WhiteElo "2148"]
[BlackElo "1903"]
[PlyCount "60"]
[EventDate "2009.04.15"]
[EventType "swiss"]
[EventRounds "9"]
[EventCountry "RUS"]
[SourceTitle "EXT 2010"]
[Source "ChessBase"]
[SourceDate "2010.11.25"]
[SourceVersion "1"]
[SourceVersionDate "2010.11.25"]
[SourceQuality "1"]

1. d4 Nf6 2. c4 g6 3. Nc3 d5 4. Nf3 Bg7 5. g3 0-0 6. Bg2 c6 7. 0-0 Ne4 8. cxd5 cxd5 9. Qb3 Nc6 10. Bf4 a6 11. Rac1 Nxc3 12. Qxc3 Bg4 13. Rfd1 Rc8 14. Kf1 Qd7 15. Qe3 Bxf3 16. Bxf3 Nb4 17. Qb3 Rxc1 18. Rxc1 Nc6 19. Qxd5 Qh3+ 20. Bg2 Qxh2 21. e3 e6 22. Qc5 h6 23. Qb6 Kh7 24. Qxb7 Nd8 25. Qe7 Qh5 26. Be5 f6 27. Bd6 Qb5+ 28. Kg1 Nf7 29. Rc7 Qxb2 30. Qd7 Qb1+ 1-0

[Event "RUS-chB U16"]
[Site "Dagomys"]
[Date "2009.04.15"]
[Round "1"]
[White "Litvinov, Konstantin"]
[Black "Sakharov, Lev"]
[Result "0-1"]
[WhiteElo "1806"]
[BlackElo "2148"]
[PlyCount "224"]
[EventDate "2009.04.15"]
[EventType "swiss"]
[EventRounds "9"]
[EventCountry "RUS"]
[SourceTitle "EXT 2010"]
[Source "ChessBase"]
[SourceDate "2010.11.25"]
[SourceVersion "1"]
[SourceVersionDate "2010.11.25"]
[SourceQuality "1"]

1. d4 Nf6 2. Nf3 e6 3. c4 b6 4. e3 Bb7 5. Nbd2 c5 6. Be2 cxd4 7. exd4 d5 8. 0-0 Be7 9. Nb3 dxc4 10. Bxc4 0-0 11. Bg5 Nbd7 12. Re1 Nd5 13. Bxe7 Qxe7 14. Rc1 Rac8 15. Qd2 Rfd8 16. Ne5 Nxe5 17. Rxe5 Qf6 18. Bxd5 Bxd5 19. Rxc8 Rxc8 20. f4 h6 21. g3 Qg6 22. f5 Qg4 23. fxe6 fxe6 24. Re3 Qg6 25. Qd3 Qxd3 26. Rxd3 Rc2 27. Nd2 Rxb2 28. a3 b5 29. Kf1 Kf7 30. Ke1 Ke7 31. Rc3 Kd6 32. Kd1 b4 33. axb4 Rxb4 34. Ra3 Rxd4 35. Rxa7 g6 36. Ke2 h5 37. Rg7 Rg4 38. Nf3 Re4+ 39. Kf2 Ra4 40. Nd2 Rg4 41. Nf3 Bxf3 42. Kxf3 Ke5 43. h3 Kf6 44. Ra7 Rb4 45. Ra3 e5 46. Re3 Ra4 47. Ke2 Kf5 48. Rf3+ Ke4 49. Re3+ Kd5 50. Rd3+ Rd4 51. Ra3 Rb4 52. Kd3 Rb1 53. Ra5+ Ke6 54. Ra6+ Kf5 55. Ke3 Rh1 56. h4 Rb1 57. Ra4 Rb2 58. Rc4 Ra2 59. Rb4 Rc2 60. Ra4 Rb2 61. Rc4 Ra2 62. Rb4 Rg2 63. Kf3 Rd2 64. Ke3 Ra2 65. Rc4 Ra3+ 66. Kf2 Rd3 67. Ra4 Rd4 68. Ra6 Rb4 69. Rc6 Ra4 70. Rb6 Ke4 71. Rb2 Ra6 72. Re2+ Kd4 73. Rd2+ Ke4 74. Re2+ Kf5 75. Rb2 Re6 76. Rb3 Kg4 77. Re3 e4 78. Kg2 Re5 79. Kf2 Kh3 80. Kg1 Re6 81. Kf2 Rf6+ 82. Ke2 Kg2 83. Rxe4 Kxg3 84. Rc4 Rf4 85. Rc6 Re4+ 86. Kf1 Rg4 87. Kg1 Kxh4+ 88. Kh2 g5 89. Rc3 Ra4 90. Rh3+ Kg4 91. Rg3+ Kf4 92. Rg2 g4 93. Rf2+ Kg5 94. Rb2 h4 95. Kg2 Kf4 96. Kh2 Rc4 97. Rf2+ Ke3 98. Ra2 Rd4 99. Ra3+ Rd3 100. Ra1 Kf2 101. Ra2+ Kf3 102. Ra1 Re3 103. Rf1+ Ke2 104. Ra1 Kf2 105. Ra2+ Re2 106. Ra1 Kf3+ 107. Kh1 Rd2 108. Rg1 g3 109. Ra1 Kf2 110. Ra2 Ke2 111. Ra8 h3 112. Re8+ Kf1 0-1

[Event "Moscow op-B"]
[Site "Moscow"]
[Date "2009.02.06"]
[Round "7"]
[White "Trusov, Mikhail"]
[Black "Sakharov, Lev"]
[Result "1-0"]
[WhiteElo "2191"]
[BlackElo "2057"]
[PlyCount "93"]
[EventDate "2009.01.31"]
[EventType "swiss"]
[EventRounds "9"]
[EventCountry "RUS"]
[SourceTitle "EXT 2012"]
[Source "ChessBase"]
[SourceDate "2011.11.24"]
[SourceVersion "1"]
[SourceVersionDate "2011.11.24"]
[SourceQuality "1"]

1. e4 c6 2. d4 d5 3. Nc3 dxe4 4. Nxe4 Bf5 5. Ng3 Bg6 6. h4 h6 7. Nf3 Nd7 8. h5 Bh7 9. Bd3 Bxd3 10. Qxd3 e6 11. Bf4 Qa5+ 12. Bd2 Qc7 13. 0-0-0 0-0-0 14. Qe2 Ngf6 15. Ne5 Nxe5 16. dxe5 Nd5 17. a3 Nb6 18. f4 Rd4 19. Be3 Ra4 20. Bxb6 Qxb6 21. Qd3 Bc5 22. Ne4 Be3+ 23. Kb1 Rd8 24. Nd6+ Kb8 25. g3 Rd4 26. Qe2 R4xd6 27. Rxd6 Rxd6 28. exd6 Bd4 29. c3 Bxc3 30. d7 Bf6 31. Rd1 Qd8 32. Qd3 b6 33. Qd6+ Kb7 34. g4 a6 35. a4 a5 36. Ka2 Bh4 37. f5 exf5 38. gxf5 Bf6 39. Re1 Qc7 40. Qd2 b5 41. Re8 Bd8 42. axb5 cxb5 43. Qd5+ Kb6 44. Qxf7 Qf4 45. Qe6+ Kc7 46. Qe5+ Qxe5 47. Rxe5 1-0

[Event "Moscow op-B"]
[Site "Moscow"]
[Date "2009.02.05"]
[Round "6"]
[White "Sakharov, Lev"]
[Black "Loginov, Anton"]
[Result "0-1"]
[WhiteElo "2057"]
[BlackElo "2232"]
[PlyCount "86"]
[EventDate "2009.01.31"]
[EventType "swiss"]
[EventRounds "9"]
[EventCountry "RUS"]
[SourceTitle "EXT 2012"]
[Source "ChessBase"]
[SourceDate "2011.11.24"]
[SourceVersion "1"]
[SourceVersionDate "2011.11.24"]
[SourceQuality "1"]

1. d4 Nf6 2. Nf3 d5 3. c4 c6 4. Nc3 e6 5. cxd5 exd5 6. Bg5 Bf5 7. e3 Qb6 8. Qc1 Nbd7 9. Be2 Bd6 10. 0-0 h6 11. Bh4 0-0 12. Bg3 Bxg3 13. hxg3 Rfe8 14. Ne1 Qd8 15. Bd3 Ne4 16. Qc2 Qf6 17. Nf3 Nd6 18. b4 a6 19. a4 b5 20. Rfe1 Bxd3 21. Qxd3 Qe7 22. Nd2 Nc4 23. Rab1 Nxd2 24. Qxd2 Nb6 25. f3 Nc4 26. Qd3 Qg5 27. Kf2 f5 28. Re2 Re6 29. Rh1 Rae8 30. Nd1 bxa4 31. Rh4 Rg6 32. Rh3 a3 33. f4 Qf6 34. Rh5 Nd6 35. Rh3 Ne4+ 36. Kg1 Rxg3 37. Rxg3 Nxg3 38. Ra2 Qh4 39. Nf2 Qe7 40. Qxa6 Qxe3 41. Qxc6 Ne2+ 42. Kf1 Nxd4 43. Qxd5+ Kh8 0-1

[Event "Moscow op-B"]
[Site "Moscow"]
[Date "2009.02.03"]
[Round "4"]
[White "Sakharov, Lev"]
[Black "Natacheev, Peter"]
[Result "1-0"]
[WhiteElo "2057"]
[BlackElo "2179"]
[PlyCount "117"]
[EventDate "2009.01.31"]
[EventType "swiss"]
[EventRounds "9"]
[EventCountry "RUS"]
[SourceTitle "EXT 2012"]
[Source "ChessBase"]
[SourceDate "2011.11.24"]
[SourceVersion "1"]
[SourceVersionDate "2011.11.24"]
[SourceQuality "1"]

1. d4 d5 2. c4 c6 3. Nf3 Nf6 4. Nc3 a6 5. c5 g6 6. Bf4 Bg7 7. g3 Nbd7 8. Bg2 0-0 9. 0-0 Re8 10. Qd2 Nh5 11. Bg5 f6 12. Be3 Bf8 13. Bh6 f5 14. Bxf8 Rxf8 15. Ng5 Ndf6 16. f4 Ne4 17. Ncxe4 fxe4 18. Nh3 Nf6 19. Nf2 Bf5 20. h3 h5 21. b4 Qd7 22. e3 Kf7 23. h4 Ne8 24. Rfb1 Nc7 25. a4 Rfb8 26. Ra3 Qe8 27. Rba1 Bd7 28. Bf1 Kg7 29. Kh2 b5 30. cxb6 Rxb6 31. a5 Rb7 32. Rb3 Nb5 33. Nd1 Nd6 34. Nb2 Bg4 35. Rc1 Nf5 36. Na4 Rc7 37. Rbc3 e6 38. Rc5 Kh6 39. Nb6 Raa7 40. R1c2 Qe7 41. Rxc6 Nxh4 42. gxh4 Rxc6 43. Rxc6 Qxh4+ 44. Kg1 Bf3 45. Qh2 Qe1 46. Qf2 Qxb4 47. Rxe6 Bg4 48. Nxd5 Qxa5 49. Re5 Qd8 50. Rg5 Rd7 51. Nc3 Bf5 52. Ne2 a5 53. Ng3 Bg4 54. Be2 Bxe2 55. Qxe2 a4 56. Nxe4 Qb6 57. Nc5 Ra7 58. Rg2 a3 59. Qa2 1-0

[Event "Privolzhskogo FO-ch"]
[Site "Kazan"]
[Date "2009.01.26"]
[Round "6"]
[White "Gerasimov, Ivan"]
[Black "Sakharov, Lev"]
[Result "1-0"]
[WhiteElo "2342"]
[BlackElo "2057"]
[PlyCount "95"]
[EventDate "2009.01.21"]
[EventType "swiss"]
[EventRounds "9"]
[EventCountry "RUS"]
[SourceTitle "EXT 2010"]
[Source "ChessBase"]
[SourceDate "2010.11.25"]
[SourceVersion "1"]
[SourceVersionDate "2010.11.25"]
[SourceQuality "1"]

1. e4 c5 2. Nf3 e6 3. d4 cxd4 4. Nxd4 a6 5. Bd3 Qc7 6. 0-0 Nc6 7. Nxc6 bxc6 8. Nc3 Nf6 9. f4 Bc5+ 10. Kh1 d5 11. Qf3 Bb7 12. Qg3 0-0 13. Qh3 dxe4 14. Nxe4 Nxe4 15. Bxe4 f5 16. Qc3 Bd6 17. Bf3 Rf6 18. Qc4 Rb8 19. Bd2 Rh6 20. Rae1 Kf7 21. Re5 Bxe5 22. fxe5 Rg6 23. Bh5 c5 24. Rxf5+ Kg8 25. Bxg6 Bd5 26. Bxh7+ Kh8 27. Qh4 exf5 28. Bxf5+ Kg8 29. Bc3 Rb6 30. Qh7+ Kf8 31. Qh8+ Bg8 32. Qh3 Qf7 33. Qf3 Qd5 34. Be4+ Qf7 35. Qe2 Qxa2 36. h3 Qf7 37. Qe3 Rb5 38. Bd3 c4 39. Be2 Rb8 40. Bf3 Rc8 41. Bb4+ Ke8 42. Qb6 Qe6 43. Bh5+ g6 44. Bxg6+ Kd7 45. Qb7+ Rc7 46. Qe4 Qc6 47. Qf5+ Be6 48. Qf8 1-0

[Event "Privolzhskogo FO-ch"]
[Site "Kazan"]
[Date "2009.01.24"]
[Round "4"]
[White "Sakharov, Lev"]
[Black "Vasilov, Artur"]
[Result "1/2-1/2"]
[WhiteElo "2057"]
[BlackElo "2099"]
[PlyCount "98"]
[EventDate "2009.01.21"]
[EventType "swiss"]
[EventRounds "9"]
[EventCountry "RUS"]
[SourceTitle "EXT 2010"]
[Source "ChessBase"]
[SourceDate "2010.11.25"]
[SourceVersion "1"]
[SourceVersionDate "2010.11.25"]
[SourceQuality "1"]

1. d4 Nf6 2. c4 e6 3. Nf3 Bb4+ 4. Bd2 c5 5. g3 Qb6 6. Qb3 Nc6 7. dxc5 Bxc5 8. Qxb6 Bxb6 9. Nc3 d5 10. cxd5 exd5 11. Bg2 0-0 12. Na4 Bc7 13. 0-0 Bg4 14. Rac1 Rfe8 15. h3 Bh5 16. Be3 Bxg3 17. Rfd1 Bc7 18. Nc5 Bb6 19. Nxb7 Rxe3 20. fxe3 Bxe3+ 21. Kf1 Bxc1 22. Rxc1 Bxf3 23. Rxc6 Bxg2+ 24. Kxg2 Kf8 25. Nd6 Ke7 26. Ra6 Ne8 27. Nb5 Kd7 28. a4 Rc8 29. Rxa7+ Ke6 30. Nd4+ Ke5 31. Nf3+ Kf6 32. b4 Rc2 33. Kf2 Nd6 34. Ra6 Ke7 35. b5 Ne4+ 36. Ke3 Nc5 37. Rc6 Rc4 38. Nd2 d4+ 39. Kf2 Rc3 40. a5 Na4 41. Ra6 Rc2 42. b6 Nc5 43. Ra7+ Kd6 44. Nf3 d3 45. Rxf7 Rxe2+ 46. Kf1 Ra2 47. Rxg7 Rxa5 48. Rxh7 Rb5 49. Nd2 Kd5 1/2-1/2